Στοιχεία αριθμητικής και θεωρίας αριθμών για το δάσκαλο
Αποθηκεύτηκε σε:
| Κύριος συγγραφέας: | |
|---|---|
| Μορφή: | Βιβλίο |
| Γλώσσα: | Greek |
| Δημοσίευση: |
Αθήνα :
Πατάκης,
2013, c2000.
|
| Θέματα: | |
| Ετικέτες: |
Προσθήκη ετικέτας
Δεν υπάρχουν, Καταχωρήστε ετικέτα πρώτοι!
|
MARC
| LEADER | 00000cam a2200000 i 4500 | ||
|---|---|---|---|
| 001 | 1/13215 | ||
| 008 | 110523r20002013gr | ||| |||| ||gre|| | ||
| 020 | |a 9789603788133 | ||
| 035 | |l 10110110 | ||
| 040 | |a GR-MyUA |b gre |e AACR2 | ||
| 041 | 0 | |a gre | |
| 082 | 0 | |a 372.72 |2 (22) | |
| 100 | 1 | |a Λεμονίδης, Χαράλαμπος Εμμ. | |
| 245 | 1 | 0 | |a Στοιχεία αριθμητικής και θεωρίας αριθμών για το δάσκαλο / |c Χαράλαμπος Λεμονίδης. |
| 260 | |a Αθήνα : |b Πατάκης, |c 2013, c2000. | ||
| 300 | |a 160 σ. : |b πιν., διαγρ. ; |c 24 εκ. | ||
| 500 | |a Το παράρτημα Σάμου διαθέτει την εκτύπωση του 2013. | ||
| 504 | |a Βιβλιογραφία: σ. 159-160. | ||
| 650 | 0 | 0 | |a Mathematics |x Study and teaching. |
| 650 | 0 | 0 | |a Arithmetic |x Study and teaching (Elementary) |
| 650 | 0 | 0 | |a Number theory |x Study and teaching (Elementary) |
| 650 | 0 | 0 | |a Number theory. |
| 852 | |a INST |b RHODES |c EUDOXUS |e 20110523 |h 372.72 ΛΕΜ |p 005400033071 |q 005400033071 |t EDX |y 0 | ||
| 852 | |a INST |b RHODES |c EUDOXUS |e 20130422 |h 372.72 ΛΕΜ |p 005400035128 |q 005400035128 |t EDX |y 0 | ||
| 852 | |a INST |b SAMOS |e 20150226 |h 372.72 ΛΕΜ |p 005300041825 |q 005300041825 |t BK |y 0 | ||
| 901 | |a BIBL3-2015-1 | ||
| 901 | |a BIBL4-2011-2 | ||
| 901 | |a BIBL4-2013-1 | ||
| 909 | |a Σ |b 190070 | ||
| 909 | |a Ρ |b 163538 | ||
| 909 | |a Ρ |b 176657 | ||
| 920 | |a Εύδοξος |b Επιστροφή |y Ρόδος |z 2011-05 | ||
| 920 | |a Εύδοξος |b Επιστροφή |y Ρόδος |z 2013-04 | ||
| 922 | |a 3ΕΛΗ |b 201407 |c Βιβλιοθήκη |d Best Book Hunters | ||
| 970 | |a Κοσιέρης |b Χρήστος |z 2015/02/26 | ||